00524nam a2200181Ia 4500100001900000650001500019250000600034942000700040366000700047654001500054245002900069260003000098082001900128300000800147546001200155999001700167952015800184 aThomsen/Jon J  aVibrations a2 cBK f20 avibrations aVibrations and stability bSpringeraNew Delhic2003 a620.3/THObTHO a404 aENGLISH c24236d24236 001040708CRCaCRCEbCRCEd2023-03-17eProfessional Book House.g975.00i566 dt 25/03/2008l0o620.3/THO THOp18520r2023-03-17v995.00w0000-00-00yBK